00356nam a2200133Ia 45000010005000000080041000050200022000460820017000681000028000852450046001132600021001599010027001809990015002073333241024s9999 xx 000 0 und d a978-9945-423-14-3 aRD/920/C348a aJusto Pedro Castellanos 0aAntología del pensamiento de Juan Bosch bEd. Búhoc2009 a9/10/2013 3:55:38 p.m. c7671d7671